[Event "HUN-chT2 Charousek 1718"]
[Site "Hungary"]
[Date "2018.02.18"]
[Round "6.12"]
[White "Kurcsics, Erika"]
[Black "Varga, Miklos"]
[Result "1-0"]
[WhiteElo "1896"]
[BlackElo "1824"]
[PlyCount "165"]
[EventDate "2017.10.29"]
[EventType "team-tourn"]
[EventRounds "9"]
[EventCountry "HUN"]
[SourceTitle "EXT 2020"]
[Source "ChessBase"]
[SourceDate "2019.10.17"]
[SourceVersion "1"]
[SourceVersionDate "2019.10.17"]
[SourceQuality "1"]
[WhiteTeam "Szentgotthard Alsoszolnok"]
[BlackTeam "Komlo Banyasz"]
[WhiteTeamCountry "HUN"]
[BlackTeamCountry "HUN"]

1. e4 c5 2. Nc3 Nc6 3. f4 d6 4. h3 e6 5. Nf3 Be7 6. g3 a6 7. a4 Nf6 8. Bg2 0-0 9. 0-0 Qc7 10. d3 Bd7 11. Kh2 Rac8 12. Re1 e5 13. fxe5 dxe5 14. Be3 Bd6 15. Bg5 Kh8 16. Bxf6 gxf6 17. Nh4 Nb4 18. Rf1 Qd8 19. Qd2 Rg8 20. Nd1 Bf8 21. c3 Nc6 22. Qf2 Be7 23. Ne3 Be6 24. Nhf5 Bxf5 25. Nxf5 Rg6 26. Qe3 Bf8 27. Bf3 Ne7 28. Nh4 Rg8 29. Bh5 Ng6 30. Nf5 Rc7 31. Rad1 Rd7 32. Bg4 Rc7 33. Qf3 b6 34. Ne3 Bg7 35. Nd5 Rc6 36. Qe2 Ne7 37. Ne3 Rd6 38. Rf2 Rf8 39. Bf5 Ng6 40. Bg4 Ne7 41. Qc2 Bh6 42. Nc4 Rc6 43. Rdf1 Bg7 44. Be2 Rg8 45. Ne3 a5 46. Nf5 Nxf5 47. Rxf5 Rd6 48. Rh5 c4 49. Qd2 cxd3 50. Bg4 Re8 51. Bf5 h6 52. Rxh6+ Kg8 53. Rh7 Kf8 54. Qd1 Ke7 55. Rxg7 Rg8 56. Rxg8 Qxg8 57. Qd2 Qe8 58. Ra1 Qc6 59. Kg2 b5 60. axb5 Qxb5 61. Rd1 a4 62. Bg4 Qb3 63. Be2 f5 64. Bf3 Qb7 65. Re1 fxe4 66. Bxe4 Qb3 67. Kf2 Rf6+ 68. Kg2 Rd6 69. Rf1 Qc4 70. Bf3 e4 71. Bd1 Qc5 72. Re1 Qc6 73. Qe3 Re6 74. Bg4 Re5 75. Qf4 e3+ 76. Bf3 Qc5 77. Qxa4 e2 78. Qf4 Re3 79. Bxe2 Rxe2+ 80. Rxe2+ dxe2 81. Qe4+ Kf6 82. Qxe2 Qd5+ 83. Qf3+ 1-0

[Event "HUN-chT2 Charousek 1718"]
[Site "Hungary"]
[Date "2017.12.17"]
[Round "4.12"]
[White "Bali, Adam"]
[Black "Varga, Miklos"]
[Result "0-1"]
[WhiteElo "1957"]
[BlackElo "1824"]
[PlyCount "96"]
[EventDate "2017.10.29"]
[EventType "team-tourn"]
[EventRounds "9"]
[EventCountry "HUN"]
[SourceTitle "EXT 2020"]
[Source "ChessBase"]
[SourceDate "2019.10.17"]
[SourceVersion "1"]
[SourceVersionDate "2019.10.17"]
[SourceQuality "1"]
[WhiteTeam "Csuti Hydro"]
[BlackTeam "Komlo Banyasz"]
[WhiteTeamCountry "HUN"]
[BlackTeamCountry "HUN"]

1. e4 c5 2. Nf3 d6 3. d4 cxd4 4. Nxd4 Nf6 5. Nc3 a6 6. Be2 Nc6 7. Be3 g6 8. Qd2 Bg7 9. 0-0-0 0-0 10. Kb1 Nxd4 11. Bxd4 b5 12. h4 h5 13. f3 Be6 14. Be3 Rc8 15. Nd5 Nxd5 16. exd5 Bf5 17. Rc1 e6 18. Bg5 Qe8 19. Rhe1 exd5 20. Qxd5 Qe5 21. Qxe5 dxe5 22. g4 hxg4 23. fxg4 Be6 24. Rf1 Bc4 25. Rce1 Bxe2 26. Rxe2 Rc4 27. Rg2 Kh7 28. Bf6 Rf4 29. Rxf4 exf4 30. Bxg7 Kxg7 31. Rf2 Rh8 32. Rxf4 Rxh4 33. Kc1 f5 34. Kd2 Rxg4 35. Rf3 Re4 36. b3 Kf6 37. Kd3 b4 38. c4 bxc3 39. Kxc3 g5 40. Kd3 g4 41. Rf1 Ke5 42. Rc1 Rd4+ 43. Ke2 f4 44. Rc8 Re4+ 45. Kf2 g3+ 46. Kf3 Re3+ 47. Kg2 Re2+ 48. Kf1 Rxa2 0-1

[Event "HUN-chT2 Charousek 1718"]
[Site "Hungary"]
[Date "2017.12.03"]
[Round "3.12"]
[White "Varga, Miklos"]
[Black "Kun, Balint"]
[Result "1-0"]
[WhiteElo "1824"]
[BlackElo "1700"]
[PlyCount "69"]
[EventDate "2017.10.29"]
[EventType "team-tourn"]
[EventRounds "9"]
[EventCountry "HUN"]
[SourceTitle "EXT 2020"]
[Source "ChessBase"]
[SourceDate "2019.10.17"]
[SourceVersion "1"]
[SourceVersionDate "2019.10.17"]
[SourceQuality "1"]
[WhiteTeam "Komlo Banyasz"]
[BlackTeam "Balatonfuered"]
[WhiteTeamCountry "HUN"]
[BlackTeamCountry "HUN"]

1. d4 d5 2. c4 dxc4 3. Nc3 a6 4. a4 Nc6 5. e3 e5 6. Nf3 exd4 7. exd4 Nf6 8. Bxc4 Bb4 9. 0-0 0-0 10. Bg5 Be7 11. Re1 Bg4 12. Be3 Qd6 13. Be2 Qb4 14. Ne5 Nxe5 15. dxe5 Bxe2 16. Qxe2 Rad8 17. exf6 Bxf6 18. Qc2 Bxc3 19. Qxc3 Qxc3 20. bxc3 Rd7 21. Rad1 Rfd8 22. Rxd7 Rxd7 23. Bc5 f6 24. Kf1 Kf7 25. a5 c6 26. Ke2 Kg6 27. Rd1 Rf7 28. Rd3 Kf5 29. Re3 g6 30. Re7 Rxe7+ 31. Bxe7 Ke6 32. Bd8 f5 33. Kd3 Kd5 34. c4+ Ke5 35. Bc7+ 1-0

[Event "HUN-chT2 Asztalos 1718"]
[Site "Hungary"]
[Date "2017.11.26"]
[Round "2.7"]
[White "Varga, Miklos"]
[Black "Heinrich, Ferenc"]
[Result "1-0"]
[WhiteElo "1803"]
[BlackElo "1945"]
[PlyCount "110"]
[EventDate "2017.10.29"]
[EventType "team-tourn"]
[EventRounds "9"]
[EventCountry "HUN"]
[SourceTitle "EXT 2021"]
[Source "ChessBase"]
[SourceDate "2020.10.23"]
[SourceVersion "1"]
[SourceVersionDate "2020.10.23"]
[SourceQuality "1"]
[WhiteTeam "Komlo Banyasz II"]
[BlackTeam "Kaposvar Bastya"]
[WhiteTeamCountry "HUN"]
[BlackTeamCountry "HUN"]

1. d4 Nf6 2. c4 e6 3. Nc3 Be7 4. e4 d6 5. Nf3 0-0 6. Be2 Nbd7 7. 0-0 c5 8. d5 e5 9. h3 h6 10. Be3 Nh7 11. Qd2 Nb6 12. b3 Bd7 13. Nh2 Bg5 14. f4 exf4 15. Bxf4 f5 16. Bd3 Bxf4 17. Rxf4 g5 18. Rf2 f4 19. Re1 Re8 20. Rfe2 Qf6 21. Nf3 g4 22. hxg4 Bxg4 23. e5 dxe5 24. Rxe5 Rxe5 25. Nxe5 Bf5 26. Bxf5 Qxf5 27. Nd3 f3 28. gxf3 Qxf3 29. Ne5 Qg3+ 30. Qg2 Qxg2+ 31. Kxg2 Nf6 32. Nf3 Rb8 33. Ne5 Ra8 34. Kf3 Re8 35. Rg1+ Kh7 36. Nf7 Nbd7 37. Nd6 Rb8 38. Ncb5 a6 39. Nc7 h5 40. Ne6 Ng4 41. Rh1 Ngf6 42. Nf4 Kh6 43. Re1 b6 44. Re7 Rf8 45. Ne6 Nxd5+ 46. Nxf8 Nxe7 47. Nxd7 b5 48. cxb5 axb5 49. Nxb5 c4 50. bxc4 Kg5 51. Nd4 Nc8 52. c5 Kg6 53. Nc6 Kf7 54. Nb6 Ke6 55. Kf4 Nd6 1-0

[Event "HUN-chT2 Asztalos 1617"]
[Site "Hungary"]
[Date "2017.01.29"]
[Round "7.11"]
[White "Varga, Miklos"]
[Black "Toth, Gyorgy"]
[Result "1/2-1/2"]
[WhiteElo "1680"]
[BlackElo "1831"]
[PlyCount "62"]
[EventDate "2016.09.25"]
[EventType "team-tourn"]
[EventRounds "11"]
[EventCountry "HUN"]
[SourceTitle "EXT 2021"]
[Source "ChessBase"]
[SourceDate "2020.10.23"]
[SourceVersion "1"]
[SourceVersionDate "2020.10.23"]
[SourceQuality "1"]
[WhiteTeam "Komlo Banyasz II"]
[BlackTeam "Pecs Karmin"]
[WhiteTeamCountry "HUN"]
[BlackTeamCountry "HUN"]

1. d4 Nf6 2. c4 e6 3. Nf3 b6 4. g3 Bb7 5. Bg2 c5 6. 0-0 Be7 7. Nc3 0-0 8. d5 exd5 9. cxd5 d6 10. e4 Nbd7 11. Re1 Re8 12. Bf4 a6 13. e5 dxe5 14. Nxe5 Nxe5 15. Bxe5 Bd6 16. f4 b5 17. Bxf6 Rxe1+ 18. Qxe1 Qxf6 19. Rd1 Kf8 20. Ne4 Qd8 21. Nxd6 Qxd6 22. Qe5 Rd8 23. Qxd6+ Rxd6 24. Kf2 f5 25. Rd2 Kf7 26. a3 c4 27. Ke3 Ke7 28. Kd4 Kd7 29. Re2 Rh6 30. Bf3 Kd6 31. Bh1 Rf6 1/2-1/2

[Event "HUN-chT2 Asztalos 1516"]
[Site "Hungary"]
[Date "2015.11.08"]
[Round "4.10"]
[White "Varga, Miklos"]
[Black "Hrubos, Viktor"]
[Result "0-1"]
[WhiteElo "1597"]
[BlackElo "1883"]
[PlyCount "70"]
[EventDate "2015.09.13"]
[EventType "team-tourn"]
[EventRounds "11"]
[EventCountry "HUN"]
[SourceTitle "CBM 170 Extra"]
[Source "ChessBase"]
[SourceDate "2016.02.25"]
[SourceVersion "1"]
[SourceVersionDate "2016.02.25"]
[SourceQuality "1"]
[WhiteTeam "Komlo Banyasz"]
[BlackTeam "Pecs Karmin"]
[WhiteTeamCountry "HUN"]
[BlackTeamCountry "HUN"]

1. d4 Nf6 2. c4 c5 3. d5 e6 4. Nc3 exd5 5. cxd5 d6 6. e4 g6 7. f4 Bg7 8. Nf3 0-0 9. Bd3 Na6 10. 0-0 Nc7 11. Re1 a6 12. a4 Rb8 13. Qe2 Re8 14. Ra3 Ncxd5 15. Nxd5 Nxd5 16. Bc4 Nc7 17. Qd2 b5 18. axb5 axb5 19. Ba2 b4 20. Rd3 Nb5 21. e5 Qb6 22. Kh1 Bf5 23. Bxf7+ Kxf7 24. Rxd6 Nxd6 25. Qd5+ Kf8 26. Ng5 Be6 27. Nxe6+ Rxe6 28. Qxe6 Nf5 29. Qc4 Rd8 30. b3 Qc6 31. Qe2 h5 32. e6 Ke7 33. Bb2 Bc3 34. Bxc3 bxc3 35. Qc2 Rd2 0-1

[Event "HUN-chT2 Asztalos 1415"]
[Site "Hungary"]
[Date "2014.12.14"]
[Round "4"]
[White "Varga, Miklos"]
[Black "Nemeth, Noemi Anna"]
[Result "1-0"]
[WhiteElo "1588"]
[BlackElo "1544"]
[PlyCount "109"]
[EventDate "2014.10.12"]
[EventType "team-tourn"]
[EventRounds "9"]
[EventCountry "HUN"]
[SourceTitle "EXT 2016"]
[Source "ChessBase"]
[SourceDate "2015.10.08"]
[SourceVersion "1"]
[SourceVersionDate "2015.10.08"]
[SourceQuality "1"]
[WhiteTeam "Szentlorinc"]
[BlackTeam "Decs II"]
[WhiteTeamCountry "HUN"]
[BlackTeamCountry "HUN"]

1. d4 d5 2. c4 e6 3. Nc3 Nf6 4. Bg5 Be7 5. e3 b6 6. Nf3 Nbd7 7. Bd3 dxc4 8. Bxc4 Bb7 9. 0-0 0-0 10. Qe2 c5 11. dxc5 Bxc5 12. Rfd1 Qc7 13. Bf4 e5 14. Bg3 Rad8 15. Nd5 Nxd5 16. Bxd5 Bxd5 17. Rxd5 f6 18. Qc4 Kh8 19. b4 Bd6 20. Qxc7 Bxc7 21. Rad1 Nb8 22. Rxd8 Rxd8 23. Rxd8+ Bxd8 24. Nd2 b5 25. f4 Nc6 26. a3 Bc7 27. Kf2 a5 28. bxa5 Bxa5 29. Ke2 Bc3 30. Nb1 Bb2 31. fxe5 Nxe5 32. Bxe5 Bxe5 33. h3 Kg8 34. Kd3 Bd6 35. Kc3 Bc5 36. Kb3 Bxe3 37. Kb4 h5 38. Kxb5 g5 39. Nc3 f5 40. Nd5 Bd4 41. Ne7+ Kf7 42. Nxf5 Bf2 43. Nd6+ Kg6 44. Kc4 g4 45. hxg4 hxg4 46. Kd3 Bc5 47. Nb5 Kg5 48. Ke2 Kf4 49. a4 Kg3 50. Kf1 Kh2 51. a5 g3 52. a6 Kh1 53. a7 Bxa7 54. Nxa7 Kh2 55. Nb5 1-0

[Event "HUN-chT2 Asztalos 1314"]
[Site "Hungary"]
[Date "2014.04.13"]
[Round "8"]
[White "Varga, Miklos"]
[Black "Gyori, Barnabas"]
[Result "1/2-1/2"]
[WhiteElo "1548"]
[BlackElo "1670"]
[PlyCount "41"]
[EventDate "2013.09.08"]
[EventType "team-tourn"]
[EventRounds "9"]
[EventCountry "HUN"]
[SourceTitle "EXT 2016"]
[Source "ChessBase"]
[SourceDate "2015.10.08"]
[SourceVersion "1"]
[SourceVersionDate "2015.10.08"]
[SourceQuality "1"]
[WhiteTeam "Szentlorinc"]
[BlackTeam "Pecs Karmin"]
[WhiteTeamCountry "HUN"]
[BlackTeamCountry "HUN"]

1. d4 Nf6 2. c4 g6 3. Nc3 Bg7 4. e4 d6 5. Be2 0-0 6. Nf3 Nc6 7. 0-0 e5 8. dxe5 Nxe5 9. Nxe5 dxe5 10. Bg5 c6 11. Qc2 Qc7 12. Rad1 Be6 13. Rd2 Rad8 14. Rfd1 Rd7 15. Rxd7 Nxd7 16. Be7 Re8 17. Bd6 Qc8 18. c5 b6 19. cxb6 axb6 20. Qa4 Bf8 21. Bxf8 1/2-1/2